3801-伊予鉄道の駅 - Statistics

General Stats
  • This quiz has been taken 78 times
    74 since last reset
  • The average score is 37 of 71
Answer Stats
本線 % Correct
松山市
98%
松山市
98%
松山市
98%
横河原
91%
高浜
89%
大手町
89%
道後温泉
87%
郡中
79%
郡中港
79%
本町三丁目
72%
松山市駅
72%
JR松山駅前
72%
古町
70%
古町
70%
本町四丁目
70%
本町五丁目
70%
古町
70%
本町六丁目
68%
道後公園
68%
本町六丁目
68%
本町一丁目
64%
いよ立花
62%
大街道
62%
市役所前
60%
三津
55%
愛大医学部南口
55%
県庁前
55%
南堀端
55%
西堀端
55%
大手町駅前
55%
西堀端
55%
南堀端
55%
上一万
53%
上一万
53%
梅津寺
51%
松前
51%
石手川公園
49%
衣山
45%
鉄砲町
45%
警察署前
45%
久米
43%
西衣山
40%
赤十字病院前
40%
勝山町
40%
見奈良
38%
鎌田
38%
鷹ノ子
36%
牛渕団地前
36%
牛渕
36%
土橋
36%
岡田
36%
南町
36%
福音寺
34%
北久米
34%
田窪
34%
土居田
34%
余戸
34%
古泉
34%
地蔵町
32%
新川
32%
萱町六丁目
32%
高砂町
32%
山西
30%
平井
30%
梅本
30%
木屋町
30%
港山
28%
清水町
28%
宮田町
28%
平和通一丁目
23%
平和通一丁目
23%
No matching quizzes found
Score Distribution
Percent of People with Each Score
Percentile by Number Answered
Your Score History
You have not taken this quiz since the last reset